Statistics for pretty little liars

Click here to take the quiz!

General Stats

  • This quiz has been taken 773 times
  • The average score is 12 of 29

Answer Stats

HintAnswer% Correct
who do the girls think red coat is?Ali
94%
who was Ali's older friend?cece
82%
who is Shana in love with?Jenna
79%
who does Shana never flirt with?Hanna
76%
Who picked Ezra's son up from school and said her name was Alison?Spencer
72%
Who put Detective Wilden's car in Hanna's Garage?Mona
68%
How old is Ezra's son?7
63%
Who is very suspicious of killing Dectective Wilden?Ashley
59%
Who was attacked by bees in her car?Ella
57%
Who was Aria trapped in a box with on the Halloween Train?Garrett
51%
Who are Shana and Jenna scared of?Melissa
47%
What is the name of Ezra's son?Malcolm
43%
Who did Paige meet to talk about what all was happening?Caleb
42%
It mentions in Season 4 who gave Emily that massage. who was it?Lucas
36%
Who was the Queen of Hearts on the Halloween train?Wilden
36%
why was Toby acting like he was a part of the A team?to protect Spencer
34%
Who was Alison trying to get money from bc of a very big secret a few days before she went missing?Byron
32%
Who performed on the Halloween train?Adam Lambert
30%
Where was Ashley supposed to go for an internship but never went?New york
27%
Who locks Aria in her bedroom while looking for some pages?Meredith
26%
what was Nate's real name?Lyndon James
25%
Who does Aria have a disagreement with in season 4 and then pushes him/her?Mike
24%
what did spencer say at first her name was when she checked into Radley?Jane Doe
20%
Which 2 people was Emily with the night someone dug up Ali's grave?Jenna and Paige
15%
what was on the 5 dollar bill Hanna put in the collection box that was in jamie's wallet?lucky dice
15%
who did melissa meet where emily was watching from the outside?jenna and shana
12%
What was in the trunk of Wilden's car?A Dead pig
11%
what happened when Spencer went back to A's lair to see if Toby kept his promise?it was empty
11%
What does Hanna want from Mona in season 4 so she start acting like she is best friends with her again?A memory chip
1%

Score Distribution

Percentile by Number Answered

Percent of People with Each Score

Your Score History

You have not taken this quiz